000 00308nam a22001337a 4500
008 180226b xxu||||| |||| 00| 0 eng d
020 _a9780942820492
041 _aeng
080 _a37
100 _a25
101 _aEDU
245 _aThe bottom line for children's programs
_cMorgan,G.G
942 _2udc
_cBK
999 _c43480
_d43480